Gameoverse Characters - Statistics

General Stats
  • This quiz has been taken 21 times
  • The average score is 10 of 12
Answer Stats
Hint Answer % Correct
Oblivious hero dolphin Flappers
100%
Paper Fold
100%
Magenta dinosaur Gobbles
100%
The main character of Gameoverse Kit
100%
The above's sidekick; voiced by JSchlatt Kaboodle
93%
Enemy of the above; Australian shark Snappers
93%
The above's rival. Name is a play on words Miss Information
86%
"Here, kitty kitty" Malice
79%
"Hi, I'm _____ ______" Crab Girl
71%
Leader of the Syntax, boss of the two above. Warrick
71%
The Farcade's boss Dusk
57%
The above's nonverbal companion Mayhem
29%
No matching quizzes found
Score Distribution
Percent of People with Each Score
Percentile by Number Answered
Your Score History
You have not taken this quiz